Tutti mi chiameranno padre

محفوظ في:
التفاصيل البيبلوغرافية
المؤلف الرئيسي: Merelli, Natale
التنسيق: كتاب
اللغة:الإنجليزية
منشور في: EMP 1990
الوسوم: إضافة وسم
لا توجد وسوم, كن أول من يضع وسما على هذه التسجيلة!

MARC

LEADER 00000nam a2200000 4500
005 20240925165233.0
008 240724b |||||||| |||| 00| 0 eng d
020 |a 978-8870264289 
040 |c GP 
100 |a Merelli, Natale 
245 |a Tutti mi chiameranno padre 
260 |b EMP  |c 1990 
942 |2 ddc  |c BK  |n 0 
952 |0 0  |1 0  |2 ddc  |4 0  |6 242_000000000000000_MER  |7 1  |9 1668  |a RM  |b RM  |d 2024-07-24  |l 0  |o 242 MER  |p 7  |r 2024-07-24 16:09:16  |w 2024-07-24  |y BK 
999 |c 1481  |d 1481